00827nam a2200241 i 4500001000300000003000400003005001700007008003900024015001700063040001400080041000800094080001200102080001200114100004100126245010200167260007300269300002800342504001400370655003000384650001400414710005900428856009800487bgBPK20220608091723.0020718s1978 pl a f f |000 0 pol aPB 1978/6232 aWA NcBPK0 apol a531/534 a(075.8)1 aPiszczek, Kazimierzd(?-1979)eAutor10aMechanika :bskrypt dla studentów wyższych szkół teatralnych.nT. 1 /cKazimierz Piszczek. aKraków :bPolitechnika Krakowska im. Tadeusza Kościuszki,c1978. a276 s. :bil. ;c25 cm. aBibliogr. 4aPodręczniki akademickie 4aMechanika2 aPolitechnika Krakowska im. Tadeusza Kościuszki4pbl. uhttp://koha.tu.koszalin.pl/cgi-bin/koha/opac-detail.pl?biblionumber=17781yKatalog online BPK